zpět

Detail výsledku týmu

Pěkná brynda ST, Beroun

Datum a čas kvízu

29 Celkem bodů Celkový počet nahraných bodů na tomto kvízu bez doplňovacích otázek.
3. Pořadí na kvízu Konečné umístění týmu na tomto kvízu.

Zaznamenané odpovědi

# Otázka Odpověď Body Výsledky
1. O tom, že Tomáš Tuhý míří do B... 0
2. Policie doporučila obvinit pre... 0
3. Třicetiletá oscarová zpěvačka... 0
4. Americký provozovatel celosvět... 0
5. Zápas mezi americkým šampionem... 1
6. Čertů se v kultuře, zeměpisnýc... 1
7. Napište název pohádky z roku 2... 1
8. Tenkrát bylo veselo a dost mál... 1
9. Na obrázku vidíme znak pražské... 1
10. "U nás ochutnat znamená ___!"... 1